• 首页
  • 本馆介绍
  • 公告通知
  • 最新文献
  • 馆藏检索
  • 电子资源
  • 读者导购
  • 参考咨询
  • 我的图书馆
  • 登录
  • 详细信息显示
  • 放入我的书架
  • 预约/预借图书
  • 作者相关作品
  • 分类相关作品
  • 丛书相关作品
  • 出版社相关作品

书目信息

  • 表格格式
  • 工作单格式
  • 卡片格式
题名:
白话宋史
    
 
作者: 博文 编著
分册:  
出版信息: 北京   中国华侨出版社  2016
页数: 405页
开本: 25cm
丛书名:
单 册:
中图分类: K244.09
科图分类:
主题词: 中国历史--zhong guo li shi--宋代--通俗读物
电子资源:
ISBN: 978-7-5113-6097-7
000 00852nam0 22002411 450
001 0124140134
005 20170324140134.0
010    @a978-7-5113-6097-7@b精装@dCNY59.00
100    @a20161110d2016 em y0chiy50 ea
101 0  @achi
102    @aCN@b110000
105    @ay z 000yy
106    @ar
200 1  @a白话宋史@9bai hua song shi@f博文编著
210    @a北京@c中国华侨出版社@d2016
215    @a405页@d25cm
300    @a全民阅读提升版
330    @a本书分为北宋和南宋两篇,讲述了自宋太祖统一全国至元灭宋期间长达320年的历史,涉及两宋、西夏、辽、金等政权的重要历史。涵盖了两宋版图疆域、行政区划、人口、官制、军事、农业、商业、文化、宗教等各个领域的内容。
606 0  @a中国历史@9zhong guo li shi@z宋代@j通俗读物
690    @aK244.09@v5
701  0 @a博文@9bo wen@4编著
801  0 @aCN@bTANGWEI@c20170308
905    @b0961724-6@dK244.09@e50@f3
    
    白话宋史/博文编著.-北京:中国华侨出版社,2016
    405页;25cm
    全民阅读提升版
    
    ISBN 978-7-5113-6097-7(精装):CNY59.00
    本书分为北宋和南宋两篇,讲述了自宋太祖统一全国至元灭宋期间长达320年的历史,涉及两宋、西夏、辽、金等政权的重要历史。涵盖了两宋版图疆域、行政区划、人口、官制、军事、农业、商业、文化、宗教等各个领域的内容。
●
相关链接 在E读中查询图书 在五车中查询图书 在当当中查询图书 在豆瓣中查询图书


正题名:白话宋史     索取号:K244.09/50         预约/预借

序号 登录号 条形码 馆藏地/架位号 状态 备注
1 0961724   209617244   第二样本阅览室/ [索取号:K244.09/50] 在馆    
2 0961725   209617253   第二借阅区/ [索取号:K244.09/50] 在馆    
3 0961726   209617262   第二借阅区/ [索取号:K244.09/50] 已借出,限还日期为2024.05.17
借出人:刘佳辉  
 
唐山师范学院图书馆 欢迎您!
大连网信软件有限公司© 版权所有